1262 1622 1546 1634 1269 1871 1260 1105 1924 1387 1758 1355 1388 1534 1954 1331 1405 1463 1988 1784 1901 1032 1923 1534 1850 1371 1770 1850 1444 1782 1378 1614 1066 1734 1174 1309 1172 1235 1480 1942 1690 1937 1039 1616 1169 1881 1511 1331 1572 1631 1583 1821 1283 1851 1825 1091 1104 1973 1814 1627 1987 1532 1002 1075 1929 1321 1648 1266 1197 1694 1909 1536 1814 1156 1097 1611 1291 1582 1005 1869 1365 1446 1331 1944 1830 1550 1422 1751 1593 1864 1690 1775 1617 1274 1015 1557 1332 1393 1715 BCNSPRNW ULIB Ver.6.0+V

เปลี่ยนเป็นภาษาไทย

Change to English
 แสดงรายละเอียดบรรณานุกรม
  กลับหน้าหลัก

Brief Record : Get Marc (ISO 2709) : E-mail record : QR code < ปิดหน้าต่าง
LEADER : 00000nam 2200000uu 4500
001    13399110655
003     ULIB
008    110607s2547||||th 000 0 tha d
020    9789749507094 (เล่ม 1)
020    9749507096 (ล.1)
060 04 WS13^bม546ส ล.1 2547
100 1  มัตสุดะ, มิชิโอะ
245 10 สารานุกรมการเลี้ยงดูเด็ก =^bIkuji no hyakka /^cเขียนโดยมิชิโอะ มัตสุดะ ; แปลเรียบเรียง, พรอนงค์ นิยมค้า
246 13 Ikuji no hyakka
250    พิมพ์ครั้งที่ 13
260    กรุงเทพฯ :^bหมอชาวบ้าน,^c2547
300    2 เล่ม :^bภาพประกอบ ;^c22 ซม.
650  7 เด็ก, การดูแล^vสารานุกรม
650  7 เด็ก, การเลี้ยง^vสารานุกรม
650  7 ทารก, การดูแล^vสารานุกรม
700 0  พรอนงค์ นิยมค้า,^eผู้แปล
945    ^p220^l0^i017445
945    ^p220^l0^i017444
945    ^p220^l0^i017443
995    ทศพร
999 ^a ใช้งานได้ทุกระบบ
รายการนี้ยังไม่มีแท็ก
คุณยังไม่ได้ล็อกอิน คุณสามารถมีกิจกรรมร่วมกับเว็บไซต์ได้ แต่ต้องล็อกอินก่อน ::
  ล็อกอิน

รายการสื่อสารสนเทศ

ลำดับที่ ประเภท เลขเรียก/บาร์โค้ด สถานที่ สถานะ
- ไม่พบข้อมูล -

รายการใกล้เคียง
    ผู้แต่ง [มัตสุดะ, มิชิโอะ]

BibComment


ยังไม่เคยถูกคอมเมนท์

คอมเมนท์ทรัพยากรรายการนี้
  คอมเมนท์: สารานุกรมการเลี้ย..


 Copyright 2026. Bcnsprnw @Library